| 000 | 00270 a2200085 4500 | ||
|---|---|---|---|
| 082 | _a624.20287 TSO | ||
| 245 |
_aInspection Manual for Highway Structures:Reference manual [vol-1] / _cTSO |
||
| 260 |
_aLondon : _cTSO, _b2007 |
||
| 300 |
_avariouse pages : _bill. col. ; _c27cm |
||
| 650 | _aBridge Engineering | ||
| 999 |
_c1418 _d1418 |
||